| 000 | 00346nam a22001457a 4500 | ||
|---|---|---|---|
| 008 | 230531b ||||| |||| 00| 0 eng d | ||
| 020 | _a9781449609245 | ||
| 041 | _aeng | ||
| 080 |
_2SEVENTH EDITION _a610.73 |
||
| 082 | _a610.73CAR | ||
| 100 | _a9 | ||
| 101 | _aINF | ||
| 245 |
_aEMERGENCY CARE IN THE STREETS _cCAROLINE'S N |
||
| 942 |
_2udc _cBK |
||
| 999 |
_c59889 _d59889 |
||